LEADER 01874nam0 22003491i 450 001 UON00055370 005 20231205102244.421 100 $a20020107d1949 |0itac50 ba 101 $ajpn$aENG 102 $aJP 105 $a||||e ||||| 200 1 $aA.B.C. Japanese-English dictionary$eAn entirely new method of classification$bparti 1-2]$dE.Bi.shi shiki kanwa ei daijiten$fby Oreste Vaccari and Elisa Vaccari 210 $aMilano$cHoepli ; Shanghai$cKelly & Walsh$d1949 215 $a2 v.$d26 cm 316 $aAltro inv. 102809$5IT-UONSI CONSGIAII A/020 (1) 510 1$3UON00377404$aE.Bi.shi shiki kanwa ei daijiten 606 $aLINGUA GIAPPONESE$xDIZIONARI$3UONC000708$2FI 620 $aIT$dMilano$3UONL000005 620 $aJP$dTo?kyo?$3UONL000031 686 $aGIA II A$cGIAPPONE - LINGUISTICA - DIZIONARI$2A 700 1$aVaccari$bOreste$3UONV012985$00 701 1$aVaccari$bEnko Elisa$3UONV026840$0648333 712 $aCisalpino-Goliardica$3UONV246286$4650 712 $aKelly & Walsh Limited$3UONV247763$4650 801 $aIT$bSOL$c20240220$gRICA 912 $aUON00055370 950 $aSIBA - SISTEMA BIBLIOTECARIO DI ATENEO$dSI CONS GIA II A 020 (1) $eSI SA 102808 7 020 (1) Altro inv. 102809 950 $aSIBA - SISTEMA BIBLIOTECARIO DI ATENEO$dSI CONS GIA II A 020 (2) $eSI SA 102809 7 020 (2) 950 $aSIBA - SISTEMA BIBLIOTECARIO DI ATENEO$dSI GIA II A 050 $eSI YAM2 5 050 950 $aSIBA - SISTEMA BIBLIOTECARIO DI ATENEO$dSI GIA II A 051 $eSI YAM3 5 051 996 $aA.B.C. Japanese-English dictionary$91148364 997 $aUNIOR LEADER 02283oas 2200853 a 450 001 9910132233303321 005 20260218112143.0 011 $a1944-7949 035 $a(DE-599)ZDB1462852-1 035 $a(OCoLC)32683505 035 $a(CONSER)sn 95023436 035 $a(CKB)110978979121847 035 $a(DE-599)1462852-1 035 $a(EXLCZ)99110978979121847 100 $a19950621a19879999 sy a 101 0 $aeng 135 $aurcnu|||||||| 181 $ctxt$2rdacontent 182 $cc$2rdamedia 183 $acr$2rdacarrier 200 10$aAIDS treatment news 210 $aSan Francisco, CA $cJohn S. James$d1986- 311 08$a1052-4207 517 1 $aATN 517 3 $aAcquired immune deficiency syndrome treatment news 517 3 $aAcquired Immunodeficiency Syndrome treatment news 606 $aAIDS (Disease)$vPeriodicals 606 $aHIV (Viruses)$vPeriodicals 606 $aHIV infections$vPeriodicals 606 $aAcquired Immunodeficiency Syndrome 606 $aSida$vPe?riodiques 606 $aVirus de l'immunode?ficience humaine$vPe?riodiques 606 $aInfections a? VIH$vPe?riodiques 606 $aAIDS (Disease)$2fast$3(OCoLC)fst00793808 606 $aHIV infections$2fast$3(OCoLC)fst00949871 606 $aHIV (Viruses)$2fast$3(OCoLC)fst00949837 608 $aPeriodicals.$2fast 615 0$aAIDS (Disease) 615 0$aHIV (Viruses) 615 0$aHIV infections 615 2$aAcquired Immunodeficiency Syndrome. 615 6$aSida 615 6$aVirus de l'immunode?ficience humaine 615 6$aInfections a? VIH 615 7$aAIDS (Disease) 615 7$aHIV infections. 615 7$aHIV (Viruses) 676 $a362 801 0$bEYM 801 1$bEYM 801 2$bOCL 801 2$bEYM 801 2$bOCLCQ 801 2$bZCU 801 2$bOCLCQ 801 2$bMUQ 801 2$bNSD 801 2$bOCLCQ 801 2$bOCLCF 801 2$bOCLCO 801 2$bVT2 801 2$bOCLCQ 801 2$bAU@ 801 2$bDLC 801 2$bSFB 801 2$bOCLCO 801 2$bOCLCQ 801 2$bDYJ 801 2$bOCLCL 801 2$bOCLCQ 906 $aJOURNAL 912 $a9910132233303321 996 $aAIDS treatment news$92205966 997 $aUNINA